000 00590nam a22002177a 4500
005 20260420114324.0
008 260420b |||||||| |||| 00| 0 eng d
020 _a978-81-8316-461-0
_cRs.195.00
040 _aLoreto College
041 _aEnglish
082 _a371.1022
_bHAR
100 _aHariprasad,M.
245 _aCommunicative english
_cM Hariparasad
260 _aHyderabad
_bNeelkamal Publications
_c2017
300 _aviii,183p.;22cm.
504 _aIncludes bibliography
650 _aEducation
650 _aCommunicative english
850 _aLCLIB
942 _cBK
999 _c44336
_d94815